000 00328nam a2200133Ia 4500
005 20260328104335.0
008 260328s9999||||xx |||||||||||||| ||und||
100 _aVillegas, Benjamín
245 0 _aCasa Colombiana /
_cBenjamín Villegas
260 _bVillegas Editores
300 _a181 p.
650 _aCOLOMBIA
942 _cBK
999 _c11878
_d11878